Acción frente a la farmacodependencia. (Record no. 93224)
[ view plain ]
| 000 -CABECERA | |
|---|---|
| campo de control de longitud fija | 00560nam a2200169 a 4500 |
| 005 - FECHA Y HORA DE LA ÚLTIMA TRANSACCIÓN | |
| campo de control | 20230208063854.0 |
| 008 - ELEMENTOS DE LONGITUD FIJA--INFORMACIÓN GENERAL | |
| campo de control de longitud fija | 021108s1987 mx r 000 0 spa d |
| 035 ## - NÚMERO DE CONTROL DEL SISTEMA | |
| Número de control de sistema | UPN01000120904 |
| 049 ## - COLECCIÓN | |
| Colección | F |
| 050 #4 - SIGNATURA TOPOGRÁFICA DE LA BIBLIOTECA DEL CONGRESO | |
| Número de clasificación | RC566 |
| Número de documento/Ítem | A22 |
| 245 00 - MENCIÓN DE TÍTULO | |
| Título | Acción frente a la farmacodependencia. |
| 260 ## - PUBLICACIÓN, DISTRIBUCIÓN, ETC. | |
| Lugar de publicación, distribución, etc. | México : |
| Nombre del editor, distribuidor, etc. | SSA, |
| Fecha de publicación, distribución, etc. | 1987. |
| 300 ## - DESCRIPCIÓN FÍSICA | |
| Extensión | 40 p. |
| 500 ## - NOTA GENERAL | |
| Nota general | Intervenciones de Guillermo Soberón Acevedo, Leobardo C. Ruiz Pérez y Magdalena Labrandero ante la VI Reunión del Consejo Nacional contra las adiciones |
| 650 #4 - ASIENTO SECUNDARIO DE MATERIA - TERMINO TEMATICO | |
| Término de materia o nombre geográfico como elemento de entrada | Abuso de drogas |
| 9 (RLIN) | 242 |
| 905 ## - TIPO DE MATERIAL | |
| Tipo de material | Libro |
| Estado de retiro | Estado de pérdida | Fuente del sistema de clasificación o colocación | Estado dañado | No para préstamo | Código de colección | Localización permanente | Ubicación/localización actual | Ubicación en estantería | Total de préstamos | Clasificación | Código de barras | Fecha visto por última vez | Número de copia | Tipo de ítem Koha |
|---|---|---|---|---|---|---|---|---|---|---|---|---|---|---|
| Library of Congress Classification | Folletos | Folletería | Bib. Gregorio Torres Quintero | Bib. Gregorio Torres Quintero | Folletos | RC566 A22 | 21724F | 31/12/2020 | 1 | Libro |
